000 00433nam a2200145 i 4500
001 87407
003 ES-MaACL
007 t|
008 041221s1903 sp ||||1| cat d
100 1 _aKrazewsky, J. J.
_968784
245 1 4 _aUna dona heróyca
_b: novela /
_cper J.J. Krazewsky ; traducida al catalá per C.B.
260 _aBarcelona :
_b[s.n.,
_c1903] (
_fLa Renaixensa)
300 _a224 p. ;
_c22 cm.
852 _aES-MaACL
_jG-12722
999 _c87407
_d87407